| 000 | 00570nam a22001697a 4500 | ||
|---|---|---|---|
| 999 |
_c181884 _d181884 |
||
| 005 | 20211007160338.0 | ||
| 010 | _aEN230921 | ||
| 020 |
_a9789389648881 _c499.00 |
||
| 037 | _bWestland Publications | ||
| 100 | _aAmish | ||
| 245 |
_aDharma: decoding the epics for a meaningful life / _cby Amish [and] Bhavna Roy |
||
| 260 |
_aChennai _bWestland Publications _c2020 |
||
| 270 |
_bChennai _a1st Floor,A Block,East Wing,Plot No.40,SP Infocity,Dr MGR Salai,Perungudi,Kandanchavadi, _e600096 |
||
| 300 |
_axx,198p. _c19cm(Hb) |
||
| 700 | _a Roy,Bhavna | ||
| 942 |
_2ddc _cEN _mAMI |
||